000 00569nam a2200205Ia 4500
003 OSt
005 20251106160138.0
008 210719s1988 xx 000 0 und d
040 _cAL
041 _aKannada
082 _aS891.1 GANS
100 _aGANGADHARA BHATTA (D)
_dಗಂಗಾಧರ ಭಟ್ಟ (ಡಿ )
_9244445
245 _aSubhashitagalu.
_bಸುಭಾಷಿತಗಳು
260 _aPutturu.
_bShankara Vanam.,
_c1988
300 _a12
_bPB
365 _b5
_cRs
650 _aSanskrit Poetry
_9244446
906 _aSubhashitagalu
942 _2ddc
_cBK
999 _c212539
_d212539